Biochemistry of Milk products (Record no. 17287)

000 -LEADER
fixed length control field 00362nam a22001337a 4500
008 - FIXED-LENGTH DATA ELEMENTS--GENERAL INFORMATION
fixed length control field 150812t xxu||||| |||| 00| 0 eng d
020 ## - INTERNATIONAL STANDARD BOOK NUMBER
International Standard Book Number 1855737752
082 ## - DEWEY DECIMAL CLASSIFICATION NUMBER
Classification number 574.19
100 ## - MAIN ENTRY--PERSONAL NAME
Personal name A.T. Andrews and J. Varley
9 (RLIN) 1017
245 ## - TITLE STATEMENT
Title Biochemistry of Milk products
260 ## - PUBLICATION, DISTRIBUTION, ETC.
Place of publication, distribution, etc. Cambridge england
Name of publisher, distributor, etc. woodhead publishing limited
Date of publication, distribution, etc. 2004
300 ## - PHYSICAL DESCRIPTION
Extent 181
942 ## - ADDED ENTRY ELEMENTS (KOHA)
Source of classification or shelving scheme
Koha item type Book
Holdings
Withdrawn status Lost status Source of classification or shelving scheme Damaged status Not for loan Collection code Permanent Location Current Location Date acquired Total Checkouts Full call number Barcode Date last seen Price effective from Koha item type
            Central Library (CL) Central Library (CL) 08/12/2015   574.19 AND ASAB2139 08/12/2015 08/12/2015 Book
© 2023 Central Library, National University of Sciences and Technology. All Rights Reserved.